000 00318nam a2200133Ia 4500
999 _c6752
_d6752
003 OSt
008 191201s2011 xx 000 0 und d
100 _aKELFAND, Lewis
245 0 _aConquering Everest
260 _bKALYANI NAVYUG MEDIA PVT LTD
_c2011
300 _a91
650 _aGeneral Books
942 _2ddc
_cBK
_01